000 01014nam0a22002651 4500
001 rc\2624519
005 20250623143305.0
035 _a(NLR Aleph) 006788113
090 _a6115088
_c6115088
100 _a20110914d1931 |||y0rusy50 ca
101 0 _arus
102 _aRU
105 _aa z |||||
200 1 _aШкола Макса Гельца
_e[Работа ячейки Мопра в школе им. М. Гельца. Ленинград]
_fЕфим Печатников
_gОбл. и рис. И. Непомнящего
210 _aЛенинград
_aМосква
_cОгиз
_cМол. гвардия
_d1931
_eЛенинград
_gтип. "Мол. гвардия"
215 _a54, [2] с.
_cил.
_d20х13 см.
300 _aПредисловие: Я. Кальницкий
700 1 _aПечатников
_bЕ.
_gЕфим
702 1 _aНепомнящий
_bИ.
_4440
801 0 _aRU
_bNLR
_gpsbo
801 1 _aRU
_bELAR
_2rusmarc
852 _aNLR
_j32-8/2713
942 _cBOOK
980 _aNB